000 01281nam a22003377a 4500
003 CHAP
005 20220329135922.0
008 971013s r 00010 d
010 _a44116
011 _a45088
035 _a49227
040 _cCHAP
082 _a630.72
_bI47vs
110 _aINIA. México. Campo Agrícola Experimental Valle del Fuerte
_958530
245 _aSeminarios técnicos, 19 -
260 _aLos Mochis, Sin. :
_bEl Instituto,
_c19 -
300 _av.
500 _aLa biblioteca tiene: 1972-73, 1973-74, 1974-75
590 _aBATCH-UPD
_b10
_c20130110
_lUCH01
_h1143
590 _aBATCH-UPD
_b10
_c20130410
_lUCH01
_h0728
590 _aCONVERSION
_b10
_c20130109
_lUCH01
_h1324
650 1 4 _aAgricultura
_xInvestigacion
_xSinaloa.
_91674
650 1 4 _aAgricultura
_xSinaloa.
_91794
901 _aBK
942 _cLIBRO
949 _a630.72 I47vs
_bBC
_cLIBRO
_d-111127
_eLIBRO
_f1972-73
_h35971
_i49227
_mD
_si
949 _a630.72 I47vs
_bBC
_cLIBRO
_d-111131
_eLIBRO
_f1973-74 c.2
_h35974
_i49227
_si
949 _a630.72 I47vs
_bBC
_cLIBRO
_d-111132
_eLIBRO
_f1974-75
_h43850
_i49227
_si
949 _a630.72 I47vs
_bBC
_cLIBRO
_d33724000038386
_eLIBRO
_f1973-74
_h35973
_i49227
_mD
_si
949 _a630.72 I47vs
_bBC
_cLIBRO
_d33724000563326
_eLIBRO
_f1972-73 c.2
_h35972
_i49227
_mD
_sb
999 _c44116
_d44116